The evolution of English collecting : (Record no. 23010)

000 -LEADER
fixed length control field 01772cam a22004097a 4500
001 - CONTROL NUMBER
control field 13369116
005 - DATE AND TIME OF LATEST TRANSACTION
control field 20170125123434.0
008 - FIXED-LENGTH DATA ELEMENTS--GENERAL INFORMATION
fixed length control field 031009s2003 ctua b 001 0 eng d
010 ## - LIBRARY OF CONGRESS CONTROL NUMBER
LC control number 2003113984
015 ## - NATIONAL BIBLIOGRAPHY NUMBER
National bibliography number GBA3-V0255
016 7# - NATIONAL BIBLIOGRAPHIC AGENCY CONTROL NUMBER
Record control number 0300102240
Source Uk
020 ## - INTERNATIONAL STANDARD BOOK NUMBER
International Standard Book Number 0300102240
035 ## - SYSTEM CONTROL NUMBER
System control number (DLC)13369116
040 ## - CATALOGING SOURCE
Original cataloging agency StDuBDS
Transcribing agency StDuBDS
Modifying agency Uk
-- CStRLIN
-- TxFK
-- DLC
042 ## - AUTHENTICATION CODE
Authentication code lccopycat
043 ## - GEOGRAPHIC AREA CODE
Geographic area code e-uk-en
-- e-it---
050 00 - LIBRARY OF CONGRESS CALL NUMBER
Classification number N5202
Item number .G7E88 2003
245 04 - TITLE STATEMENT
Title The evolution of English collecting :
Remainder of title receptions of Italian art in the Tudor and Stuart periods /
Statement of responsibility, etc. edited and introduced by Edward Chaney.
260 ## - PUBLICATION, DISTRIBUTION, ETC. (IMPRINT)
Place of publication, distribution, etc. New Haven, Conn. :
Name of publisher, distributor, etc. Yale University Press,
Date of publication, distribution, etc. c2003.
300 ## - PHYSICAL DESCRIPTION
Extent vii, 484 p. :
Other physical details ill. ;
Dimensions 27 cm.
440 #0 - SERIES STATEMENT/ADDED ENTRY--TITLE
Title Studies in British art ;
Volume/sequential designation 12
500 ## - GENERAL NOTE
General note "Published for the Paul Mellon Centre for Studies in British Art, the Yale Center for British Art."
504 ## - BIBLIOGRAPHY, ETC. NOTE
Bibliography, etc Includes bibliographical references and index.
650 #0 - SUBJECT ADDED ENTRY--TOPICAL TERM
Topical term or geographic name as entry element Art
General subdivision Collectors and collecting
Geographic subdivision England.
650 #0 - SUBJECT ADDED ENTRY--TOPICAL TERM
Topical term or geographic name as entry element Art, Italian
General subdivision Collectors and collecting
Geographic subdivision England.
650 #0 - SUBJECT ADDED ENTRY--TOPICAL TERM
Topical term or geographic name as entry element Art
General subdivision Private collections
Geographic subdivision England.
700 1# - ADDED ENTRY--PERSONAL NAME
Personal name Chaney, Edward.
710 2# - ADDED ENTRY--CORPORATE NAME
Corporate name or jurisdiction name as entry element Paul Mellon Centre for Studies in British Art.
710 2# - ADDED ENTRY--CORPORATE NAME
Corporate name or jurisdiction name as entry element Yale Center for British Art.
856 41 - ELECTRONIC LOCATION AND ACCESS
Materials specified Table of contents
Uniform Resource Identifier <a href="http://www.loc.gov/catdir/toc/fy051/2003113984.html">http://www.loc.gov/catdir/toc/fy051/2003113984.html</a>
942 ## - ADDED ENTRY ELEMENTS (KOHA)
Source of classification or shelving scheme
Koha item type Hard Covered Materials
Classification part N5202 .G7E88 2003
Holdings
Withdrawn status Lost status Source of classification or shelving scheme Damaged status Not for loan Home library Current library Shelving location Date acquired Source of acquisition Total Checkouts Full call number Barcode Date last seen Price effective from Koha item type
          MACHAKOS UNIVERSITY LIBRARY MACHAKOS UNIVERSITY LIBRARY Open shelf 25/01/2017 Donation(BFA)   N5202 .G7E88 2003 32209 25/01/2017 25/01/2017 Hard Covered Materials
© Machakos University Library, Along The Highway, Machakos Wote Rd, Machakos, Kenya P.O. Box 136 - 90100 Machakos - Kenya

Tel: ( +254 ) 723 805829 OR Fax : 044-20353 OR Email: library@mksu.ac.ke